[Event "EU-ch 13th"]
[Site "Plovdiv"]
[Date "2012.03.28"]
[Round "8"]
[White "Sokolov, Ivan"]
[Black "Riazantsev, Alexander"]
[Result "1-0"]
[WhiteElo "2653"]
[BlackElo "2710"]
[Annotator "Ftacnik,L"]
[PlyCount "131"]
[EventDate "2012.03.20"]
[EventType "swiss"]
[EventRounds "11"]
[EventCountry "BUL"]
[SourceTitle "CBM 148"]
[Source "ChessBase"]
[SourceDate "2012.05.16"]
[SourceVersion "1"]
[SourceVersionDate "2012.05.16"]
[SourceQuality "1"]

1. d4 Nf6 2. c4 e6 3. Nc3 Bb4 4. e3 O-O 5. Bd3 c5 6. Nf3 d5 7. O-O cxd4 8. exd4
dxc4 9. Bxc4 a6 10. a3 Bxc3 11. bxc3 Qc7 12. Qe2 {The Nimzo-Indian Defence is
such a solid opening, that Black can often defend against the bishop pair.
White has three ways of solving the pressure along the c-file. The immediate
sacrifice of the c3-pawn is interesting, but may not yield more than equality.
Putting the queen to the d3-square seems to be quite clumsy.} (12. Bd3 Qxc3 (
12... b5 13. Bg5 Nbd7 14. Re1 Bb7 15. Rc1 Rac8 16. a4 bxa4 17. c4 h6 18. Bh4
Rfe8 {0-1 (38) Salem,A (2469)-Gritsak,O (2519) Biel 2009} 19. c5 $14) 13. Bf4 (
13. Bg5 Nbd7 14. Qb1 b5 15. Rc1 Qa5 16. Ne5 h6 17. Nc6 Qb6 18. Bd2 Bb7 19. Ba5
Qxc6 20. Rxc6 Bxc6 21. Qb2 $14 {1/2 (35) Zilberman,Y (2468)-Ovetchkin,R (2498)
Moscow 2011}) 13... Nc6 14. Re1 h6 (14... Qa5 15. Be5 Qd8 16. Ng5 g6 17. Rc1
Nxe5 18. dxe5 Nd5 19. Qg4 Bd7 20. Qh4 h5 $11 {1-0 (40) Speelman,J (2596)-Bauer,
C (2576) Leon 2001}) 15. Bd6 (15. Re3 Qa5 16. Ne5 Nd5 17. Rg3 Nxf4 18. Qg4 Ng6
(18... Nh5 19. Qxh5 Nxe5 20. dxe5 f5 21. exf6 Qxh5 22. Rxg7+ Kh8 23. Rh7+ Kg8
24. Rg7+ $11) 19. Bxg6 $1 fxg6 20. Qxg6 Qc7 21. Ng4 $18) 15... Rd8 16. Bc7 Rd7
17. Re3 Qb2 (17... Qxa1 18. Qxa1 Rxc7 19. Ne5 $14) 18. Re2 (18. Rb1 Qa2 19. Rb3
Rxc7 20. Bb1 Qxb3 21. Rxb3 Bd7 $11) 18... Qc3 19. Re3 Qb2 {1/2 (19) Nisipeanu,
L (2659)-Karjakin,S (2776) Medias 2011}) (12. Qd3) 12... Nbd7 {Restraint is
used at a proper moment, as White could play against the exposed structure in
the event of the daring 12...b5 advance.} (12... b5 13. Bd3 Bb7 14. Bd2 Nbd7
15. a4 (15. Rfe1 Nd5 16. Qe4 N5f6 17. Qe2 Nd5 18. Qe4 N5f6 19. Qe2 $11 {
1/2 (19) Filchev,R-Padevsky,N Sofia 1962}) 15... bxa4 16. Rxa4 Nd5 (16... a5
17. Rfa1 Bc6 18. R4a3 a4 19. c4 Rfe8 20. Ne5 Nxe5 21. dxe5 Nd7 22. Bxh7+ Kxh7
23. Qh5+ Kg8 24. Rh3 f5 25. Qh7+ Kf7 26. Rg3 Rg8 27. Qg6+ Ke7 28. Bb4+ Kd8 29.
Bd6 Qb6 30. Qf7 $1 (30. Qxe6 Re8 31. Qxf5 Qd4 $15 {0-1 (35) Vladimirov,E (2612)
-Zagrebelny,S (2466) Abu Dhabi 2001}) 30... Rh8 31. Qxg7 Re8 32. Qf7 $16) 17.
Ra3 Rfe8 18. Rb1 e5 19. dxe5 Nxe5 20. Nxe5 Rxe5 21. Qd1 $14 {1-0 (35) Graf,A 
(2642)-Chandler,M (2526) Germany 2000}) 13. a4 {The only way to really take
the wind from the sails of the b-pawn advance to b5.} (13. Bg5 b5 14. Bd3 Bb7
15. Rfc1 Bd5 16. a4 Bc4 17. axb5 axb5 18. Bxf6 $11 {1/2 (18) Conquest,S (2601)
-Gyimesi,Z (2605) Moscow 2001}) (13. Bb2 b5 14. Bd3 Nb6 15. Ne5 Bb7 16. Rac1
Bd5 17. c4 bxc4 18. Nxc4 Nxc4 19. Bxc4 Qb7 20. Bxd5 Nxd5 $11 {1-0 (46) Turner,
A-Bisguier,A New York 1957}) (13. Bd2 b5 14. Bd3 Nb6 15. Qe5 Ra7 16. Rac1 Bd7
17. Bf4 Qxe5 18. Bxe5 Rc8 19. Nd2 Nfd5 20. c4 bxc4 21. Nxc4 f6 $11 {0-1 (29)
Middleton,I-Karaklajic,N Moscow 1956}) 13... b6 {At several moments in this
line Black may try to grab the c3-pawn, but it is always tainted by a reat
risk. Riazantsev prefers a quiet completion of his development with fair
chances.} (13... Nb6 14. Bd3 Qxc3 (14... Bd7 15. c4 Bc6 16. Ne5 Nxa4 17. Qc2
Nb6 18. Bg5 Nbd7 19. Nxd7 Qxd7 20. Bxf6 gxf6 21. Bxh7+ Kg7 22. Ra3 Rh8 23. Rg3+
Kf8 {1-0 (44) Udovcic,M-Karaklajic,N Zagreb 1955} 24. Qd2 $16) 15. Ba3 Re8 16.
a5 Nbd5 17. Bd6 Qc6 18. Be5 b5 19. axb6 Qxb6 20. Rfb1 Qd8 $11 {1/2 (46)
Sprenger,J (2477)-Iordachescu,V (2633) Port Erin 2004}) 14. Bd2 (14. Ba3 Re8
15. Ne5 Bb7 16. Rfe1 Rec8 17. Bd3 Qxc3 18. Bb2 Qc7 19. d5 Bxd5 20. Nxd7 Nxd7
21. Qh5 Nf8 22. Re3 f5 23. Rg3 $11 {1/2 (23) Poulsen,M (2290)-Anka,E (2422)
Budapest 2004}) 14... Bb7 15. Bd3 Rfe8 16. Rfe1 h6 17. Ne5 $1 {The first
really active move serves many purposes, all of them noble. White prevents a
possible e6-e5 counterplay and fights against the firm positional equality
after 17.c4 a5!} (17. c4 a5 $1 18. h3 Rac8 $11) 17... Nxe5 18. Qxe5 Qxe5 (18...
Rec8 19. Qxc7 Rxc7 20. Rab1 Rc6 21. c4 a5 22. c5 Ba6 23. Bxa6 Rxa6 24. Rb5 $14)
19. Rxe5 Rec8 {In the quiet of the study it becomes clear, that the a6-a5 move
is so strong that it might have been used even here.} (19... a5 $5 20. Rb1 Rec8
21. f4 (21. Rxb6 Nd7 22. Rxb7 Nxe5) 21... Nd5 22. c4 Ba6 23. cxd5 Bxd3 24. Rxb6
Rc2 25. Be1 exd5 $11) 20. c4 Rc7 $2 {[%mdl 16] The defender misses the boat
for the first time in this game by omitting the key move 20...a5! to his great
peril.} (20... a5 $1 21. Rc1 Ba6 22. Ree1 Rc6 23. Rc3 Rd8 24. Be3 Ng4 25. Be2
Nxe3 26. fxe3 $11) 21. a5 $1 Rd7 (21... b5 22. cxb5 axb5 23. Bxb5 $16) 22. Bc3
bxa5 (22... b5 23. cxb5 Nd5 24. Bd2 axb5 25. Bxb5 Rd6 26. Bc4 $16) 23. Rexa5
Rc8 24. Rc1 {Sokolov could not have hoped for a quiet life as Black is obliged
to fight against his hanging pawns.} (24. R1a3 $1 Ne4 25. Bb2 Nd6 26. c5 Nf5
$14) 24... Ne4 25. Bb2 Nd6 $2 {The second mistake of the defence is of a well
known nature - reading the tea leaves without proper precision. The knight
move to d2 would have created a threat of Nb3 thus winning a crucial tempo.} (
25... Nd2 $1 26. Ra3 Be4 27. Bxe4 (27. Be2 Rb8 28. Ba1 Nb3 $11) 27... Nxe4 28.
c5 $14) 26. f3 $1 Rdc7 27. Ra4 Ra8 (27... Bd5 28. c5 Bb7 29. Bxa6 $16) 28. Kf2
Bc6 29. Raa1 (29. Ra3 $1 Rca7 30. Rb3 a5 31. Ba3 Nc8 32. Rcb1 $16) 29... Ne8 $6
{The passive retreat of the knight serves the needs of the position very badly.
Riazantsev needed to come up with some ideas which would distract his opponent
from his quest to improve all the pieces.} (29... Nb7 $5 30. Bc3 a5 31. Rcb1 a4
32. Rb6 Nd8 $14) 30. Ra5 Rb7 31. Ba3 Rb3 (31... g6 32. Ke3 Rb3 33. Rb1 $16) 32.
Bc2 Rbb8 33. Rc5 Bd7 (33... Rb6 34. Ra5 Rbb8 35. g4 $16) 34. Ra5 Bc6 35. g4 Rd8
36. Ke3 Nd6 (36... Rdb8 37. Ra1 $16) 37. Bxd6 $1 {Sokolov was always a great
sportsman, which plays a role in moments of crisis. His energy is high enough
for crucial decisions shortly before the time control.} Rxd6 38. Be4 Bxe4 39.
c5 $5 {A clever move that stretches the nerves of the enemy to the limit. Even
under stress Black is able to realise, that a simple rook retreat is utterly
hopeless.} (39. fxe4 Rb6 40. d5 Kf8 41. c5 Rb3+ 42. Kd4 Ke7 43. Raa1 $5 Rb4+ (
43... a5 44. d6+ Kd7 45. Rcb1) 44. Rc4 e5+ 45. Kc3 Rb5 46. Ra2 $16) 39... Rxd4
$5 (39... Rdd8 40. fxe4 Rdb8 41. d5 Kf8 42. d6 $18) 40. Kxd4 Bc6 41. Ke5 $1 {
[%mdl 4096] Progress is usually portrayed as a way forward and it is often
mirrored in chess. The white king fights for the greater good of advancing the
c-pawn.} Kf8 (41... Bxf3 42. c6 f6+ 43. Kxe6 Bxg4+ 44. Ke7 Kh7 45. c7 Rc8 46.
Rxa6 f5 47. Rd6 f4 48. Rd8 $18) 42. Kd6 Bxf3 43. c6 Rd8+ 44. Kc7 $1 {Losing
heart with a king retreat would have tragic consequences as White would lose
all his advantage.} (44. Ke5 $2 Rd3 $1 45. c7 f6+ 46. Kf4 e5+ 47. Kg3 Bb7+ 48.
Kf2 Bc8 $11) 44... Ke7 45. Rc3 Bxg4 (45... Be4 46. Rxa6 g6 47. Ra7 $18) 46. h3
{Away from the heat of the moment it seems that White could have won more
easily with the simple king move 46.Kb7!} (46. Kb7 $1 Rd4 47. h3 Bf5 48. c7 $18
) 46... Be2 47. Kb6 (47. Kb7 Bf1 48. Rc2 Bd3 49. Rd2 Be4 50. Rxd8 Kxd8 51. Ra4
Bf3 52. Kb6 $18) 47... Bb5 48. c7 Rc8 49. Rxb5 $1 {The simple combination wins
the rook for the pawn, but White must have measured the chances against
Black's advancing pawn mass.} axb5 50. Kb7 Re8 51. c8=Q Rxc8 52. Rxc8 Kd6 {
Ever since Reti created his famous study we know that the king can come back
across the board much more swiftly than we normally assume. Black is trying to
complicate the home run of the enemy.} (52... Kf6 53. Kc6 Ke5 54. Kxb5 f5 55.
Kc4 Ke4 56. Kc3 f4 57. Kd2 e5 58. Rg8 g5 59. Rg6 Kf3 60. Rxh6 e4 61. Re6 $19)
53. Kb6 f5 54. Kxb5 Kd5 55. Rc4 {Using the rook for cutting off the 4th rank
is not bad, but it was not forced. White should have proceeded with his king
march backwards.} (55. Kb4 $1 Kd4 56. Kb3 Kd3 57. Rd8+ Ke4 58. Kc3 Kf3 59. Kd2
Kg2 60. Rg8 g5 61. Rg6 Kxh3 62. Rxh6+ Kg4 63. Rxe6 $19) 55... g5 (55... e5 56.
Kb4 e4 57. Kc3 f4 58. Ra4 $18) 56. Kb4 h5 (56... e5 57. Kc3 e4 58. Rc8 Ke5 59.
Rh8 Kf4 60. Kd2 Kf3 61. Rxh6 Kf2 62. Re6 $18) 57. Kc3 g4 58. hxg4 hxg4 (58...
fxg4 59. Kd3 g3 60. Rh4 $18) 59. Kd3 {The rook is stronger than three passed
pawns, so Black is doomed.} e5 60. Rc8 g3 (60... Kd6 61. Rf8 Ke6 62. Ke3 g3 63.
Kf3 f4 64. Ke4 $18) 61. Ke3 f4+ 62. Kf3 Ke6 63. Rf8 Ke7 64. Rf5 Ke6 65. Ke4 Kd6
(65... g2 66. Rg5 $18) 66. Rg5 {There are onlt three black "bottles" hanging
on the wall and the demise of the first one would spell the end...} 1-0

[Event "Linares 27th"]
[Site "Linares"]
[Date "2010.02.14"]
[Round "2"]
[White "Grischuk, Alexander"]
[Black "Gelfand, Boris"]
[Result "1-0"]
[WhiteElo "2736"]
[BlackElo "2761"]
[Annotator "Ftacnik,L"]
[PlyCount "69"]
[EventDate "2010.02.13"]
[EventType "tourn"]
[EventRounds "10"]
[EventCountry "ESP"]
[EventCategory "21"]
[SourceTitle "CBM 135"]
[Source "ChessBase"]
[SourceDate "2010.03.17"]
[SourceVersion "1"]
[SourceVersionDate "2010.03.17"]
[SourceQuality "1"]

1. d4 Nf6 2. c4 e6 3. Nc3 Bb4 4. e3 O-O 5. Bd3 d5 6. Nf3 c5 7. O-O dxc4 8. Bxc4
Nbd7 9. Qe2 a6 10. a4 cxd4 {Black has waited long enough with the opening of
the centre.} 11. exd4 Nb6 12. Bd3 Nbd5 13. Nxd5 {The exchange of knights in
the position with isolated pawns is somewhat surprising. White needs to get
rid of at least some defenders, otherwise it would be next to impossible to
generate an attack.} (13. Bg5 Be7 14. Rfe1 Nb4 (14... Re8 15. Ne5 h6 16. Bxf6
Nxf6 17. Rad1 Bb4 18. Qf3 Re7 19. Bc2 Rc7 20. Bb3 Qf8 21. Re3 Bd7 22. d5 {
1-0 Portisch,L (2640)-Panno,O/Lugano 1968 (41)}) 15. Bc4 Nfd5 16. Bxe7 Nxe7 17.
Ne4 Nf5 18. Rad1 Nd5 19. Bxd5 exd5 20. Nc3 Be6 21. Qc2 Nd6 22. Re5 h6 23. Nxd5
Rc8 24. Qe2 Nc4 25. Rxe6 fxe6 26. Qxe6+ Kh8 27. Ne7 {1-0 Kortschnoj,
V-Shamkovich,L/Leningrad 1967 (42)}) (13. Bd2 Ba5 $6 (13... Bd7 14. Nxd5 Nxd5
15. Bxh7+ $2 Kxh7 16. Ng5+ Kg6 $1 (16... Kg8 17. Qd3 f5 18. Qh3 $16) 17. Qd3+
f5 $17) 14. Rac1 Bd7 15. Nxd5 $1 exd5 (15... Nxd5 16. Bg5 f6 17. Qe4 g6 18. Bh6
) 16. Bg5 h6 17. Bh4 Bg4 $2 (17... Bb6 $14) 18. Qe3 Bb6 19. Ne5 Bc8 20. Bb1 Qd6
21. Kh1 $1 (21. Qd3 Ne4 22. f3 $2 Qxe5) 21... Re8 (21... Ne4 22. Bxe4 dxe4 23.
Nc4 Qg6 (23... Qe6 24. f3 $16) 24. a5 Ba7 25. Be7 Re8 26. Nd6 $1 Rxe7 27. Rxc8+
$18) 22. Qd3 Bd8 (22... g6 23. Nxf7) (22... g5 23. Nxf7) (22... Ne4 23. f3) (
22... Bxd4 23. Bxf6 Qxf6 24. Qh7+ Kf8 25. Rc7 $18) 23. Bxf6 Bxf6 24. Qh7+ Kf8
25. Nxf7 $1 Kxf7 26. Bg6+ Ke7 27. Bxe8 Kxe8 28. Qg8+ {1-0 Knaak,R (2520)
-Malich,B (2535)/Halle 1978 (32)}) 13... Nxd5 {Gelfand is ready to accept the
challenge. Other players with lesser ambitions might have preferred
recapturing with a pawn with slightly inferiorplay, but a symmetrical pawn
structure.} (13... exd5 14. Bg5 (14. Ne5 $5) 14... Qd6 $1 15. Ne5 Ne4 16. Bf4 (
16. Be3 $5 {Ivanchuk,V}) 16... Qe7 17. f3 Nd6 18. Qf2 (18. Qc2 g6 $10) 18...
Bf5 $1 (18... f6 19. Bxh7+ Kxh7 20. Qh4+ Kg8 21. Ng6 Qe8 22. Qh8+ Kf7 23. Qh5
Kg8 24. Bxd6 Bxd6 25. Rae1 $40) 19. Bxf5 Nxf5 20. Nd3 Bd6 (20... Rac8 21. g4
Nh4 22. Bg3 $1 (22. Nxb4 Qxb4 23. Qxh4 $2 Qxd4+) 22... Ng6 23. h4 $40) 21. Rfe1
Qd8 22. Bxd6 Qxd6 23. a5 Rac8 24. Rad1 $1 (24. Rac1 Rc4 $1) 24... Rc7 25. Nc5
Nxd4 26. Nxa6 $1 Qxa6 (26... Nxf3+ 27. Qxf3 bxa6 28. Qxd5 Qb4 $5 $15 (28...
Qxd5 29. Rxd5 Rc2 30. b4 Rb2 31. b5 $5 axb5 32. Ra1 $132)) 27. Qxd4 Qxa5 {
1/2-1/2 Ivanchuk,V (2735)-Speelman,J (2630)/Reykjavik 1991/}) 14. Qe4 g6 (14...
f5 15. Qe2 Qd6 16. Ne5 Bd7 17. Bc4 Rac8 $11) 15. Bh6 Re8 16. Ne5 Bd7 17. Qf3 (
17. Bc4 Bc6 18. Qf3 f6 19. Nxc6 bxc6 20. Rac1 $14) 17... Qe7 {The defender is
not obliged to weaken the kingside yet.} (17... f6 18. Qg4 (18. Nxg6 hxg6 19.
Bxg6 Re7 20. Qg4 Kh8 21. Qh5 Qg8 22. Bf8+ Rh7 23. Bxh7 Qxh7 24. Qxh7+ Kxh7 25.
Bxb4 Nxb4 26. Rfc1 Bc6 27. Ra3 $11) 18... Re7 19. Bxg6 hxg6 (19... fxe5 $2 20.
Bf7+ Kxf7 21. Qg7+ Ke8 22. Qf8#) 20. Nxg6 Rg7 21. Bxg7 Kxg7 22. Rfd1 $14) 18.
Be4 Bc6 (18... f6 19. Bxd5 exd5 20. Nxd7 Qxd7 21. Qxf6 Re2 22. Rac1 $14) 19.
Bxd5 {Grischuk is consequent in his strategy of exchanging knights on the
d5-square. Black is feeling discomfort, as his bishop on b4 has become
misplaced.} (19. Rfc1 Rec8 20. Rc4 f5 21. Bd3 Bd6 22. Nxc6 bxc6 23. g3 Rab8 $11
) 19... Bxd5 (19... exd5 20. Rac1 Rac8 21. b3 f6 22. Ng4 f5 23. Ne5 $11) 20.
Qf4 f5 (20... Bd6 21. Bg5 Qf8 22. Qh4 $14) 21. h4 $1 Rac8 22. Rac1 Bd6 23. Rfe1
(23. Qg3 Qf7 24. h5 Bxe5 25. dxe5 b5 $14) 23... Qf6 {Despite all the clever
ideas of the first player the position is objectively close to equality.} (
23... b5 $1 24. axb5 axb5 25. h5 gxh5 26. f3 Rxc1 27. Rxc1 Qf6 $11) 24. Rc3
Rxc3 (24... b5 25. axb5 axb5 26. Rec1 Rc4 27. h5 Bxe5 28. dxe5 Rxf4 29. exf6
Rc4 $11) 25. bxc3 Rc8 26. Qg3 Be4 $6 {[%mdl 256] Gelfand is feeling the heat
and does not exactly know what to do about the enemy kingside initiative. It
might have been time to give up the dark-squared bishop and live with compact
defensive forces.} (26... Bxe5 $5 27. Rxe5 Qe7 28. h5 Kf7 29. Bg5 Qe8 $11) 27.
h5 $1 Bxe5 (27... b5 28. axb5 axb5 29. Bf4 Bxe5 30. Bxe5 Qf7 31. Ra1 $16) 28.
dxe5 Qf7 29. Re3 (29. Rd1 Bd5 30. a5 $14) 29... Kh8 $2 {The retreat of the
king to the corner is not a solution, Black had to find a defensive set up
along the 7th rank.} (29... Rd8 30. Qh4 Rd1+ 31. Kh2 Rd5 32. Rh3 Qc7 33. hxg6
hxg6 34. f3 Bd3 35. Bf8 $18) (29... Rc7 $1 30. Qh4 Qe7 31. Bg5 Qd7 32. Kh2 Qd1
33. f3 Bc6 34. a5 $14) 30. Qh4 gxh5 (30... b5 31. hxg6 hxg6 32. axb5 axb5 33.
Rh3 Kg8 34. Bg5 $18) 31. Rg3 Bd5 32. a5 $1 {Grischuk is fixing the queenside
as the battle on the other side of the board has already been won.} (32. Bg5 h6
33. Bf6+ Kh7 34. Bg7 Qxg7 35. Rxg7+ Kxg7 36. Qf6+ Kh7 37. Qf7+ Kh8 38. Qg6 Rxc3
39. Qxh6+ Kg8 40. Qxh5 $16) 32... f4 33. Rg7 Qf5 34. Qe7 Qe4 35. Qf6 1-0

[Event "Interzonal-15"]
[Site "Manila"]
[Date "1990.??.??"]
[Round "12"]
[White "Gulko, Boris F"]
[Black "Lobron, Eric"]
[Result "1-0"]
[WhiteElo "2600"]
[BlackElo "2535"]
[Annotator "Ftacnik,L"]
[PlyCount "105"]
[EventDate "1990.06.29"]
[EventType "swiss"]
[EventRounds "13"]
[EventCountry "PHI"]
[SourceTitle "CBM 019"]
[Source "ChessBase"]
[SourceDate "1990.12.01"]
[SourceVersion "1"]
[SourceVersionDate "1990.12.01"]
[SourceQuality "1"]

1. d4 Nf6 2. c4 e6 3. Nc3 Bb4 4. e3 O-O 5. Bd3 d5 6. Nf3 c5 7. O-O dxc4 8. Bxc4
Nbd7 9. Bd3 b6 10. a3 cxd4 11. exd4 Bxc3 12. bxc3 Qc7 13. Bd2 Bb7 14. Re1 Rfe8
15. Ne5 Rad8 $5 {N} (15... Nxe5 16. Rxe5 Nd7 17. Re3 g6 $2 18. Qe2 Rac8 19. c4
$16 {Vaganian,R-Farago,I/Vrnjacka Banja/1971/}) 16. f4 Nf8 $1 17. Qc2 (17. Qe2
Nd5 18. Rac1 f6) 17... Nd5 18. f5 f6 $2 (18... exf5 19. Bxf5 Ng6 $1 $10) 19.
Nf3 exf5 20. Bxf5 Ne7 21. Be4 Bxe4 22. Rxe4 Nc6 23. c4 (23. Rae1 $6 Rxe4 24.
Qxe4 Na5 $15) 23... Rxe4 24. Qxe4 Nb8 25. d5 Rc8 26. Rc1 Qc5+ 27. Nd4 $1 (27.
Qe3 Qxe3+ 28. Bxe3 Nbd7 $10) 27... Qxa3 28. Nf5 Rd8 $8 (28... Kh8 29. Nxg7 Kxg7
30. Qg4+ Kh8 31. Qxc8 $18) 29. Re1 $1 (29. c5 $5 bxc5 30. d6 Qa2 $1 31. Bh6 (
31. Qe7 Rd7) 31... Qe6 $1 (31... gxh6 32. Qe7 Ne6 33. Nxh6+ Kh8 34. Qxf6+ $18)
32. Qg4 g6 $17) 29... Nbd7 30. Qe7 Qc5+ 31. Re3 Qxe7 32. Rxe7 Ne5 (32... Rc8
33. Rxg7+ Kh8 34. Bh6 Rxc4 35. Ne7 $18) 33. Rxg7+ Kh8 34. Rc7 (34. Bh6 Nfd7 35.
Re7 Kg8) 34... Nfd7 35. Bc3 a5 36. Nd6 Kg8 (36... Kg7 37. Bxe5 fxe5 38. Nb7 $18
) 37. Ne4 Rf8 38. h3 $1 a4 39. Ra7 a3 40. Nd6 f5 41. Rxa3 f4 42. Bd4 h6 (42...
Rf6 43. Ra8+ Rf8 44. Ra7 $18) 43. Ra7 (43. Rb3 $6 Ra8 44. Bxe5 Nxe5 45. Rxb6
Ra1+ 46. Kh2 Ra2 $132) 43... f3 44. g3 h5 45. Kf1 Rd8 46. Bxe5 Nxe5 47. Re7 Nd3
(47... Ng6 48. Re6 Nf8 49. Rf6 Kg7 50. Ne4 Re8 51. Rf4 Ng6 52. Nd6 $18) 48. Re3
Nb2 49. Rb3 Nd1 50. Rxb6 f2 51. Rb1 Nc3 52. Rb3 Nd1 53. Rd3 {Ftacnik,L} 1-0

[Event "World Cup"]
[Site "Reykjavik"]
[Date "1991.??.??"]
[Round "5"]
[White "Ivanchuk, Vassily"]
[Black "Speelman, Jonathan S"]
[Result "1/2-1/2"]
[WhiteElo "2735"]
[BlackElo "2630"]
[Annotator "Ftacnik,L"]
[PlyCount "54"]
[EventDate "1991.09.??"]
[EventType "tourn"]
[EventRounds "15"]
[EventCountry "ISL"]
[EventCategory "16"]
[SourceTitle "CBM 026"]
[Source "ChessBase"]
[SourceDate "1992.02.01"]
[SourceVersion "1"]
[SourceVersionDate "1992.02.01"]
[SourceQuality "1"]

1. e4 c6 2. d4 d5 3. exd5 cxd5 4. c4 Nf6 5. Nc3 e6 6. Nf3 Bb4 7. Bd3 dxc4 8.
Bxc4 O-O 9. O-O Nbd7 10. Qe2 a6 11. a4 Nb6 12. Bd3 Nbd5 13. Nxd5 {N} (13. Bd2)
13... exd5 14. Bg5 (14. Ne5 $5) 14... Qd6 $1 15. Ne5 Ne4 16. Bf4 (16. Be3 $5 {
Ivanchuk,V}) 16... Qe7 17. f3 Nd6 18. Qf2 (18. Qc2 g6 $10) 18... Bf5 $1 (18...
f6 19. Bxh7+ Kxh7 20. Qh4+ Kg8 21. Ng6 Qe8 22. Qh8+ Kf7 23. Qh5 Kg8 24. Bxd6
Bxd6 25. Rae1 $40) 19. Bxf5 Nxf5 20. Nd3 Bd6 (20... Rac8 21. g4 Nh4 22. Bg3 $1
(22. Nxb4 Qxb4 23. Qxh4 $2 Qxd4+) 22... Ng6 23. h4 $40) 21. Rfe1 Qd8 22. Bxd6
Qxd6 23. a5 Rac8 24. Rad1 $1 (24. Rac1 Rc4 $1) 24... Rc7 25. Nc5 Nxd4 26. Nxa6
$1 Qxa6 (26... Nxf3+ 27. Qxf3 bxa6 28. Qxd5 Qb4 $5 $15 (28... Qxd5 29. Rxd5 Rc2
30. b4 Rb2 31. b5 $5 axb5 32. Ra1 $132)) 27. Qxd4 Qxa5 {Ftacnik,L} 1/2-1/2